000 00662cam a22002293a 4500
001 15076
003 PGUSA
005 20140828083325.0
008 050216s2005||||xxu|||||s|||||000 | eng d
040 _aPGUSA
_beng
042 _adc
050 4 _aV
100 1 _aCorbett, Julian Stafford,
_cSir,
_d1854-1922
245 1 0 _aSome Principles of Maritime Strategy
_h[electronic resource] /
_cJulian Stafford, Corbett
260 _bProject Gutenberg,
_c2005
506 _aPublic domain in the USA.
516 _aElectronic text
653 _aNaval strategy
830 0 _aProject Gutenberg
_v15076
856 4 0 _uhttp://www.gutenberg.org/ebooks/15076
942 _cEB
999 _c244331
_d244331